|
|
|
|
| LEADER |
00000nam0a2200000 4500 |
| 001 |
338040 |
| 005 |
20231102005017.0 |
| 035 |
|
|
|a (RuTPU)RU\TPU\book\364528
|
| 090 |
|
|
|a 338040
|
| 100 |
|
|
|a 20171117d1964 km y0rusy50 ca
|
| 101 |
0 |
|
|a rus
|
| 102 |
|
|
|a RU
|
| 105 |
|
|
|a a z 001zy
|
| 200 |
1 |
|
|a Конические передачи с круговым зубом. Расчет и элементы конструкции
|f М. Б. Грохман, М. А. Шлейфер
|
| 210 |
|
|
|a Москва
|c Машиностроение
|d 1964
|
| 215 |
|
|
|a 176 с.
|c ил.
|
| 320 |
|
|
|a Библиогр.: с. 175
|
| 606 |
1 |
|
|a Зубчатые передачи конические
|x Конструкция и расчет
|2 stltpush
|3 (RuTPU)RU\TPU\subj\12119
|9 38966
|
| 610 |
1 |
|
|a расчетные величины
|
| 610 |
1 |
|
|a геометрические расчеты
|
| 610 |
1 |
|
|a несущая способность
|
| 610 |
1 |
|
|a прочность
|
| 610 |
1 |
|
|a надежность
|
| 610 |
1 |
|
|a долговечность
|
| 610 |
1 |
|
|a выносливость
|
| 610 |
1 |
|
|a сопротивляемость
|
| 610 |
1 |
|
|a износ
|
| 610 |
1 |
|
|a элементы
|
| 610 |
1 |
|
|a конструкция
|
| 610 |
1 |
|
|a компоновка
|
| 675 |
|
|
|a 621.833.2
|v 4
|
| 700 |
|
1 |
|a Грохман
|b М. Б.
|g Михаил Борисович
|
| 701 |
|
1 |
|a Шлейфер
|b М. А.
|
| 801 |
|
1 |
|a RU
|b 63413507
|c 20171117
|
| 801 |
|
2 |
|a RU
|b 63413507
|c 20220511
|g RCR
|
| 942 |
|
|
|c BK
|